Bangkok Suvarnabhumi Airport (BKK) Destinations - Statistics

General Stats
  • This quiz has been taken 414 times
    353 since last reset
  • The average score is 88 of 176
Answer Stats
Hint Answer % Correct
All Nippon Airways, Japan Air, Thai Air Tokyo-Haneda
94%
All Nippon Airways, Asia Atlantic Air, Japan Air, Jet Asia Air, Thai Air Tokyo-Narita
94%
Air China, China Eastern, Hainan Air, Shanghai Air, Thai Air, Ural Air Bejing-Capital
93%
Thai Air Moscow-Domodedovo
91%
Aeroflot Moscow–Sheremetyevo
91%
Aeroflot Moscow–Vnukovo
91%
Air China, China Eastern, Juneyao Air, Shanghai Air, Spring Air, Thai Air Shanghai-Pudong
91%
Japan Air, Thai Air Osaka-Kansai
90%
Asiana Air, EastarJet, Intira Air, Jeju Air, Jin Air, Korean Air, Thai Air, T'way Air Seoul-Incheon
90%
Air India Express, Jet Air, SpiceJet, Thai Air, Thai Smile Delhi
88%
Cathay Pacific, Emirates, Hong Kong Air, Orient Thai Air, Royal Jordanian, Thai Air Hong Kong
88%
Air India, Bangkok Air, Garuda Indonesia, Jet Air, Thai Air, Thai Smile Mumbai
88%
Air France, Thai Air Paris-Charles de Gaulle
88%
Emirates, Flydubai, Thai Air Dubai
87%
Jetstar Pacific, Qatar Air, Thai Air, VietJet Air, Vietnam Airlines Hanoi
86%
Cathay Pacific, Jetstar Asia Air, Singapore Air, Thai Air, Tigerair Singapore
86%
EgyptAir, Ethiopian Air, Garuda Indonesia, Jet Asia Air, Thai Air Jakarta
85%
EgyptAir, Royal Jordanian, Malaysia Air, Thai Air, Thai Smile Kuala Lumpur
85%
British Airways, EVA Air, Thai Air London-Heathrow
85%
Finnair Helsinki
84%
Cebu Pacific, Ethiopian Air, Philippine Air, Thai Air Manila
84%
Emirates, Qantas, Thai Air Sydney
84%
Jetstar Pacific, Thai Air, VietJet Air, Vietnam Airlines Ho Chi Minh City
83%
China Air, EVA Air, Thai Air Taipei-Taoyuan
83%
Air Astana Astana
81%
Condor, Lufthansa, Thai Air Frankfurt
81%
Norwegian Air Shuttle, Thai Air Oslo
81%
Bangkok Air, Thai Air, Thai Smile, Thai Vietjet, Air Phuket
81%
EVA Air, KLM Amsterdam
80%
Qatar Air Doha
80%
Turkish Airlines Istanbul-Ataturk
80%
EgyptAir Cairo
79%
China Southern, Kenya Air, Shenzhen Air, SriLankan Air, Thai Air Guangzhou
79%
Jetstar Airways, Thai Air Melbourne
79%
Etihad Airways Abu Dhabi
78%
Bangkok Air, Biman Bangladesh Air, Regent Air, Thai Air, US-Bangla Air Dhaka
78%
Norwegian Air Shuttle, Thai Air Stockholm
78%
Austria Air, EVA Air, Thai Air Vienna
78%
Air Macau Macau
77%
Swiss Air, Thai Air Zurich
77%
Thai Air Perth
76%
Norwegian Air Shuttle, Thai Air Copenhagen
75%
Kuwait Air Kuwait City
75%
China Southern, Shenzhen Air Shenzhen
75%
Shandong Air, Thai Smile, Xiamenair Xiamen
74%
SriLankan Air, Thai Air Colombo
73%
El Al Tel Aviv
73%
Thai Air Munich
72%
Oman Air, Thai Air Muscat
72%
Pakistan Intl Air, Thai Air Karachi
71%
Bangkok Air, Cambodia Angkor Air, Lanmei Air, Thai Air, Thai Smile Phnom Penh
71%
Jeju Air, Korean Air, Thai Air Busan
70%
Thai Air Islamabad
70%
Bhutan Air, Druk Air, Indigo, SpiceJet, Thai Air Kolkata
70%
Royal Jordanian Amman
69%
Chongqing Air, Intira Air, Shanghai Air, Thai Smile Chongqing
69%
Nepal Air, Thai Air Kathmandu
69%
Bangkok Air, Maldivian Male
69%
Asia Atlantic Air, Thai Air Denpasar/Bali
68%
Thai Air Rome-Fiumicino
68%
Bangkok Air, Lao Air, Thai Air, Thai Smile Vientiane
68%
Beijing Capital Air, China Eastern, Okay Air, Shenzhen Air Xi'an
68%
Air China, China Eastern, Maldivian, Sichuan Air, Spring Air, Thai Air Chengdu
67%
MIAT Mongolian Air Ulaanbaatar
67%
Air Astana Almaty
66%
Thai Air Chennai
66%
Ukraine International Air Kiev
66%
Kenya Air Nairobi
66%
Bangkok Air, Myanmar Air International, Myanmar National Air, Thai Air, Thai Smile Yangon
66%
Thai Air Auckland
65%
Azerbaijan Air Baku
65%
Thai Air Brisbane
65%
China Eastern, China Southern Wuhan
65%
Ethiopian Air Addis Ababa
63%
Bangkok Air, Thai Air, Thai Vietjet Air Chiang Mai
63%
Thai Air Lahore
63%
Uzbekistan Air Tashkent
63%
Mahan Air Tehran
63%
Japan Air, Thai Air Nagoya
62%
Thai Air Bangalore
61%
Asia Atlantic Air, Thai Air Sapporo
61%
Philippine Airlines Cebu
60%
Air China, Okay Airways Tianjin
60%
Thai Air Milan-Malpensa
59%
China Eastern, Lucky Air, Thai Smile Kunming
58%
Bhutan Air, Druk Air Thimphu/Paro
57%
Thai Air Hyderabad
56%
China Eastern, Shenzhen Air Nanjing
56%
Bangkok Air, Vietnam Air Da Nang
55%
Thai Air Fukuoka
55%
Air China, China Eastern, Maldivian, Spring Air, Xiamenair Hangzhou
53%
EastarJet Jeju
51%
SpiceJet Ahmedabad
50%
Turkmenistan Air Ashgabat
50%
Spring Air, Ural Air Harbin
50%
Thai Air Brussels
49%
Bangkok Air, Thai Air, Thai Smile Krabi
49%
Gulf Air Bahrain
48%
Bangkok Air, Myanmar Air International, Myanmar National Air, Thai Smile Mandalay
47%
China Eastern, Shandong Air Qingdao
47%
Royal Brunei Air Bandar Seri Begawan
46%
Bangkok Air, Thai Smile, Thai Vietjet Air Chiang Rai
46%
China Southern Urumqi
46%
S7, Ural Air Vladivostok
46%
China Eastern, Shenzhen Air, Spring Air, Xiamenair Fuzhou
45%
Bangkok Air, Thai Air Koh Samui
45%
Bangkok Air, Cambodia Angkor Air, Thai Smile Siem Reap
45%
Regent Air, Thai Smile, US-Bangla Air Chittagong
41%
China Southern, Hainan Air Nanning
41%
China Southern Shenyang
41%
Peach Naha
40%
Thai Smile Penang
40%
Spring Air, Xiamenair Dalian
38%
Ural Air Yekaterinburg
38%
China Southern, Thai Smile Changsha
36%
China Air, Thai Smile Kaohsiung
36%
China Eastern Wenzhou
36%
China Southern, Thai Smile Zhengzhou
36%
T'way Air Daegu
35%
Hainan Air, Sichuan Air Haikou
35%
Thai Smile Hat Yai
35%
Bangkok Air, Lao Air, Thai Air, Thai Smile Luang Prabang
35%
S7, Ural Air Novosibirsk
33%
Air Austral Saint–Denis de la Réunion
31%
Thai Smile Jaipur
29%
Thai Smile Surat Thani
28%
Eurowings Cologne/Bonn
27%
China Eastern Hefei
27%
S7 Irkutsk
26%
Bangkok Air Naypyidaw
26%
Thai Air Sendai
26%
Thai Air Kota Kinabalu
25%
Thai Smile Lucknow
23%
China Eastern, Spring Air Ningbo
23%
China Eastern, Shenzhen Air Wuxi
23%
Shandong Air, Spring Air Jinan
22%
Thai Smile Udon Thani
22%
Hainan Air, Sichuan Air Sanya
21%
Spring Air, Ural Air Changchun
20%
China Eastern, Spring Air Nanchang
18%
China Eastern Taiyuan
17%
Thai Smile Khon Kaen
16%
China Eastern, China Southern, Spring Air Lanzhou
16%
Bangkok Air Phu Quoc
16%
Beijing Capital Air Guiyang
15%
Shenzhen Air, Xiamenair Quanzhou
15%
China Southern Guilin
14%
Spring Air Hohhot
14%
Ural Air Khabarovsk
14%
Hebei Air, Spring Air Shijiazhuang
14%
S7 Krasnoyarsk–Yemelyanovo
13%
Bangkok Air Trat
13%
Air India, Bhutan Air, Druk Air, Thai Smile, Thai Vietjet Air Gaya
12%
Thai Smile Ubon Ratchathani
12%
Air India, Thai Smile Varanasi
12%
Thai Vietjet Air Hai Phong
11%
Spring Air Changzhou
9%
Druk Air Guwahati
9%
Bangkok Air Sukhothai
8%
Thai Vietjet Air Da Lat
7%
Bangkok Air Lampang
7%
China Eastern Xining
7%
China Eastern, Spring Air Yinchuan
7%
Druk Air Bagdogra
6%
Air India Chandigarh
6%
China Southern, Shenzhen Air Jieyang
6%
Spring Air Beihai
5%
Air China Lianyungang
5%
Spring Air Luoyang
5%
Thai Smile Narathiwat
5%
Lao Air Savannakhet
5%
Spring Air Yangzhou
5%
Ural Air Ordos
4%
Beijing Capital Air Zhanjiang
4%
Shenzhen Air Yuncheng
1%
Spring Air Zunyi
1%
No matching quizzes found
Score Distribution
Percent of People with Each Score
Percentile by Number Answered
Your Score History
You have not taken this quiz since the last reset